NALEZIŠTĚ A CHARAKTER RAMENONOŽCOVÝCH FAUN ITALSKÉHO ANISU (STŘEDNÍ TRIAS)

Bibliographic Details
Main Author: Siblík, Miloš (Author)
Format: Article
Language:Czech

MARC

LEADER 00000nab a2200000ua 4500
001 vtls010844480
003 SK-MaSNL
005 20260303135849.0
008 230218s1970 xo |||||||||||||||||cze|
035 |a (urnnbn)urn:nbn:sk:snk:ar-a0731z 
035 |a urn:nbn:sk:snk-ab66br 
035 |a (uuid)3c8b1f9b-433f-430f-90fd-62ebe662adaf 
040 |a SNKBUCL  |b slo  |c SNKBUCL  |e AACR2 
041 0 |a cze 
044 |a xo  |c SK 
100 1 |a Siblík, Miloš  |4 aut  |9 918694 
245 1 0 |a NALEZIŠTĚ A CHARAKTER RAMENONOŽCOVÝCH FAUN ITALSKÉHO ANISU (STŘEDNÍ TRIAS)  |c Miloš Siblík 
773 0 |t Geologické práce : správy  |g Roč. 53, č. 53 (1970), s. 197-201 
954 |a odborná, vedecká literatúra cudzojazyčná (svetová)  |2 lita 
958 |a OND 
958 |a EUIPO 
958 |a article5 
999 |c 1968461  |d 1970391